| 000 | 00555nam a2200181 a 4500 | ||
|---|---|---|---|
| 005 | 20221118063434.0 | ||
| 008 | 991125s1971 es 000 0 spa u | ||
| 035 | _aUPN01000001401 | ||
| 049 | _aCG | ||
| 050 | 4 |
_aLB1573 E5.1 _bQ4.2 1971 |
|
| 100 | 1 | _aQueraltó Garrido, F. | |
| 245 | 1 | 0 |
_aAlborada : _bprimer libro de lenguaje / _cF. Queraltó ; il. Mariona Lluch. |
| 250 | _a5a ed. | ||
| 260 |
_aBarcelona, Esp. : _bTeide, _c1971. |
||
| 300 |
_a109 p. : _bil. (algunas col.) |
||
| 650 | 4 |
_aLectura _xEstudio y enseñanza (Elemental) _92805 |
|
| 905 | _aLibro | ||
| 999 |
_c1401 _d1401 |
||